000 00639nam a2200205Ii 4500
003 JO-AjNU
008 230606s9999||||xx |||||||||||||| ||und||
040 _aJO-AjNU
_beng
_erda
_cJO-AjNU
041 _aeng
050 1 4 _aHF5721 .H56 2002
100 3 _aHammud, Khidr K,
_eauthor
_95784
245 0 0 _aBusiness Administration in English & Letters Writing
250 _a1 ed
264 3 1 _aAmman : Dar al-Massirah,2002
300 _a260p
336 _atext
_btxt
_2rdacontent
337 _aunmediated
_bn
_2rdamedia
338 _avolume
_bnc
_2rdacarrier
650 4 _aCommercial correspondence - English language -- Business English
_95785
999 _aE3000
_c2998
_d2998